LEADER 01636nam0 2200325 i 450 001 VAN00069605 005 20240806100548.140 010 $a88-8292-007-0 100 $a20090430d1998 |0itac50 ba 101 $aita 102 $aIT 105 $a|||| ||||| 200 1 $aˆIl ‰diritto delle nazioni e le nazioni del diritto$fPeter Fitzpatrick$ga cura di Annamaria Rufino 205 $aNapoli : La città del sole$b1998 210 $a61 p.$a21 cm 215 $aVolume presente anche nel Fondo F. M. d'Ippolito. 410 1$1001VAN00069607$12001 $aTesti del dottorato in istituzioni giuridiche ed evoluzione economico-sociale$fUniversità degli studi del Molise, Istituto universitario Suor Orsola Benincasa$1210 $aNapoli$cLa città del sole$d1998-$v1 606 $aFilosofia politica$3VANC029829$2SG 620 $dNapoli$3VANL000005 700 1$aFitzpatrick$bPeter$3VANV021292$0464625 702 1$aRufino$bAnnamaria$3VANV013804 712 $aLa città del sole $3VANV108351$4650 801 $aIT$bSOL$c20260130$gRICA 899 $aBIBLIOTECA DEL DIPARTIMENTO DI GIURISPRUDENZA$1IT-CE0105$2VAN00 899 $aBIBLIOTECA DEL DIPARTIMENTO DI SCIENZE POLITICHE$1IT-CE0182$2VAN04 912 $aVAN00069605 950 $aBIBLIOTECA DEL DIPARTIMENTO DI GIURISPRUDENZA$d00CONS FDI.VIII.1 $e00FDI2560 20111004 950 $aBIBLIOTECA DEL DIPARTIMENTO DI SCIENZE POLITICHE$d04CONS IV.H.a.32 $e04OMA559 20090430 996 $aDiritto delle nazioni e le nazioni del diritto$91414392 997 $aUNICAMPANIA